000 00301nam a2200109Ia 4500
005 20250117103623.0
008 250117s9999 xx 000 0 und d
082 _a306.3/62/0HUN
100 _aJohn, Hunwick.
245 4 _aThe African diaspora in the Mediterranean lands of Islam
260 _aPrinceton
_c2002
999 _c3115
_d3115